00789nam a2200205 a 4500008004100000020001500041050001500056100002100071245006900092250001200161260004900173300002100222350000900243650001300252700002400265700002500289995010900314999001700423952014300440100803s2009 ||||||||||||||||| || u a0321540980 aQH 430 Con aKlug, Williams S10aConcepts of genetics. (9th ed.)cby William S. Klug [and others] a9th ed. aSan Francisco:bPearson Education, Incc2009 axxx, 770p.: ill. a0.00 0aGENETICS aCummings, Michael R aSpencer, Charlotte A D0.00FCBU-MAIN LIBRARY (Kitwe)H1I0.00M1UAVAILABLEWAug 20, 2010ZMain Library Open Access Collection c38337d38337 00102lcc4070a001b001cMain Library Open Access Collectiond2022-11-30l4oQH 430 Conp741527r2025-02-27s2025-02-18w2022-11-30y002